LDR 00892naa#a2200181#i#450# 001 RU\\bibl\20300 005 20260702030317.4 100 ## _a20260630b2026####ek#y0rusy0150####ca 102 ## _aRU 200 1# _aРАЗРАБОТКА СИСТЕМЫ АНАЛИЗА НАДЁЖНОСТИ ЛОГИЧЕСКОГО КОМБИНАЦИОННОГО УСТРОЙСТВА _eСтатья/тезисы конференции 210 1# _aВоронеж _cВоронежский государственный лесотехнический университет имени Г.Ф. Морозова _d2026 215 ## _a3 с. 608 ## _aСтатья/тезисы конференции _2local 675 ## _aКонтроль неисправностей. 004.052.32 _z 700 #1 _aБычук _gЛ. С. 700 #1 _aАвилова _gО. А. 700 #1 _aЯгодкин _gАлександр Сергеевич 856 4# _abibl.vgltu.ru _u